[Event "43. Olimpiada Batumi 2018 Femenina"]
[Site "Batumi GEO"]
[Date "2018.09.27"]
[Round "4.4"]
[White "Ampaire, Shakira"]
[Black "Ni Mhuireagain, Eibhia"]
[Result "1-0"]
[WhiteElo "1512"]
[BlackElo "1655"]
[PlyCount "81"]
[EventDate "2018.09.24"]
[EventType "team-swiss"]
[EventRounds "11"]
[EventCountry "GEO"]
[SourceTitle "Ajedrez en Madrid"]
[Source "lmi"]
[SourceDate "2018.09.24"]
[WhiteTeam "Uganda"]
[BlackTeam "Ireland"]
[WhiteTeamCountry "UGA"]
[BlackTeamCountry "IRL"]

1. d4 Nf6 2. c4 g6 3. Nc3 Bg7 4. Nf3 d6 5. g3 O-O 6. Bg2 Nc6 7. d5 Na5 8. Qd3
c5 9. O-O a6 10. Bg5 Rb8 11. Bxf6 exf6 12. Rab1 b5 13. cxb5 axb5 14. b4 c4 15.
Qc2 f5 16. bxa5 Qxa5 17. Nd1 Ba6 18. Ne3 c3 19. Rfd1 b4 20. Nd4 Bxd4 21. Rxd4
Qc5 22. Rh4 Rfe8 23. Bf3 Re7 24. Nxf5 Ra7 25. Nd4 Bc4 26. Qc1 Bxd5 27. Bxd5
Qxd5 28. Nc2 b3 29. axb3 Rxb3 30. Rxb3 Qxb3 31. Rb4 Qa2 32. Rb8+ Kg7 33. f3 Qc4
34. Qd1 Qc7 35. Qd4+ f6 36. Rb3 Qe7 37. Kf2 Ra2 38. Rxc3 Qe6 39. Rc7+ Kg8 40.
Qb6 h5 41. Qb8+ 1-0

[Event "43. Olimpiada Batumi 2018 Femenina"]
[Site "Batumi GEO"]
[Date "2018.09.27"]
[Round "4.1"]
[White "Baptista, Ana Filipa"]
[Black "Malehloa, Likhomo"]
[Result "1-0"]
[WhiteElo "2008"]
[BlackElo "1174"]
[PlyCount "53"]
[EventDate "2018.09.24"]
[EventType "team-swiss"]
[EventRounds "11"]
[EventCountry "GEO"]
[SourceTitle "Ajedrez en Madrid"]
[Source "lmi"]
[SourceDate "2018.09.24"]
[WhiteTeam "Portugal"]
[BlackTeam "Lesotho"]
[WhiteTeamCountry "POR"]
[BlackTeamCountry "LES"]

1. e4 e6 2. d4 d5 3. Nd2 dxe4 4. Nxe4 Bd7 5. Bd3 Bc6 6. Nf3 Nd7 7. O-O Ngf6 8.
Ng3 Be7 9. Ne5 Nxe5 10. dxe5 Qd5 11. f3 Ng4 12. Qe2 Nxe5 13. Be4 Qb5 14. Bxc6+
Nxc6 15. Qxb5 Rb8 16. Bf4 Bd6 17. Bxd6 cxd6 18. Ne4 Kd7 19. Rad1 d5 20. c4 a6
21. Qc5 Rhd8 22. cxd5 exd5 23. Qxd5+ Ke7 24. Qc5+ Ke8 25. Nd6+ Rxd6 26. Qxd6
Rd8 27. Rfe1+ 1-0

[Event "43. Olimpiada Batumi 2018 Femenina"]
[Site "Batumi GEO"]
[Date "2018.09.27"]
[Round "4.2"]
[White "Malillo, Phera"]
[Black "Coimbra, Margarida"]
[Result "0-1"]
[WhiteElo "1350"]
[BlackElo "2068"]
[PlyCount "64"]
[EventDate "2018.09.24"]
[EventType "team-swiss"]
[EventRounds "11"]
[EventCountry "GEO"]
[SourceTitle "Ajedrez en Madrid"]
[Source "lmi"]
[SourceDate "2018.09.24"]
[WhiteTeam "Lesotho"]
[BlackTeam "Portugal"]
[WhiteTeamCountry "LES"]
[BlackTeamCountry "POR"]

1. e4 e5 2. Nf3 Nc6 3. Bc4 Bc5 4. c3 Nf6 5. d3 d6 6. h3 a6 7. O-O Ba7 8. Nbd2
O-O 9. Bb3 Ne7 10. d4 Ng6 11. Re1 Qe7 12. Qc2 Nh5 13. Nc4 h6 14. Be3 b5 15. Na5
Bd7 16. Bd5 Rab8 17. Bc6 Bb6 18. Bxd7 Qxd7 19. Nb3 Rfe8 20. Rad1 Qe7 21. Qe2
Nhf4 22. Bxf4 Nxf4 23. Qc2 Qf6 24. Kh2 Rbd8 25. g3 Nxh3 26. Nxe5 Qxf2+ 27. Qxf2
Nxf2 28. Nxf7 Rd7 29. Nxh6+ gxh6 30. Rd2 Rxe4 31. Rf1 Ng4+ 32. Kh3 Rf7 0-1

[Event "43. Olimpiada Batumi 2018 Femenina"]
[Site "Batumi GEO"]
[Date "2018.09.27"]
[Round "4.3"]
[White "Jorge, Rita Maria Osorio"]
[Black "McPherson, Naleli"]
[Result "1-0"]
[WhiteElo "1870"]
[BlackElo "1267"]
[PlyCount "77"]
[EventDate "2018.09.24"]
[EventType "team-swiss"]
[EventRounds "11"]
[EventCountry "GEO"]
[SourceTitle "Ajedrez en Madrid"]
[Source "lmi"]
[SourceDate "2018.09.24"]
[WhiteTeam "Portugal"]
[BlackTeam "Lesotho"]
[WhiteTeamCountry "POR"]
[BlackTeamCountry "LES"]

1. e4 c6 2. d4 d5 3. Nd2 dxe4 4. Nxe4 Bf5 5. Ng3 Bg6 6. h4 h6 7. Nf3 e6 8. h5
Bh7 9. Bd3 Bxd3 10. Qxd3 Nf6 11. Bf4 Bd6 12. Ne5 Qc7 13. Ne4 Nxe4 14. Qxe4 Nd7
15. O-O-O Nf6 16. Qe2 Nd5 17. Bh2 b5 18. f4 O-O 19. Qf3 a5 20. g4 c5 21. dxc5
Qxc5 22. Nd7 Qc7 23. Nxf8 Kxf8 24. Kb1 Rb8 25. Rhf1 b4 26. Bg1 Nc3+ 27. bxc3
bxc3+ 28. Ka1 Ba3 29. Rb1 Bb2+ 30. Rxb2 Rxb2 31. Qd3 Ke8 32. Bd4 Rb4 33. Bxc3
Rxf4 34. Rd1 a4 35. Qb5+ Kf8 36. Be5 Qc8 37. Bxf4 a3 38. Qa5 Qxc2 39. Qd8# 1-0

[Event "43. Olimpiada Batumi 2018 Femenina"]
[Site "Batumi GEO"]
[Date "2018.09.27"]
[Round "4.4"]
[White "Leboela, Maboloko"]
[Black "Silva, Ana Ines Teixeira D"]
[Result "0-1"]
[WhiteElo "1306"]
[BlackElo "1890"]
[PlyCount "60"]
[EventDate "2018.09.24"]
[EventType "team-swiss"]
[EventRounds "11"]
[EventCountry "GEO"]
[SourceTitle "Ajedrez en Madrid"]
[Source "lmi"]
[SourceDate "2018.09.24"]
[WhiteTeam "Lesotho"]
[BlackTeam "Portugal"]
[WhiteTeamCountry "LES"]
[BlackTeamCountry "POR"]

1. d4 Nf6 2. c4 c5 3. d5 b5 4. e3 bxc4 5. Bxc4 d6 6. Nc3 g6 7. Nge2 Bg7 8. O-O
O-O 9. Qb3 Nbd7 10. e4 Rb8 11. Qc2 Ne5 12. Bb3 c4 13. Ba4 Ba6 14. f4 Nd3 15. b3
Qb6+ 16. Kh1 Nf2+ 17. Kg1 N2xe4+ 18. Kh1 Nf2+ 19. Kg1 N6g4 20. g3 Nd1+ 21. Kh1
Nde3 22. Bxe3 Nxe3 23. Qe4 Nxf1 24. Rxf1 cxb3 25. axb3 Bxc3 26. Nxc3 Bxf1 27.
Qxe7 Qf2 28. Qe4 Rb4 29. Nd1 Qd2 30. Qf3 Qe1 0-1

[Event "43. Olimpiada Batumi 2018 Femenina"]
[Site "Batumi GEO"]
[Date "2018.09.27"]
[Round "4.3"]
[White "Simwaba, Anne"]
[Black "Uwase, Joselyne"]
[Result "0-1"]
[WhiteElo "1206"]
[BlackElo "1551"]
[PlyCount "86"]
[EventDate "2018.09.24"]
[EventType "team-swiss"]
[EventRounds "11"]
[EventCountry "GEO"]
[SourceTitle "Ajedrez en Madrid"]
[Source "lmi"]
[SourceDate "2018.09.24"]
[WhiteTeam "Malawi"]
[BlackTeam "Rwanda"]
[WhiteTeamCountry "MWI"]
[BlackTeamCountry "RWA"]

1. e4 e5 2. Nf3 Nc6 3. Bc4 Nf6 4. Nc3 Bb4 5. d3 Bxc3+ 6. bxc3 O-O 7. O-O d6 8.
Re1 Bg4 9. h3 Bh5 10. Re3 h6 11. Qd2 Nh7 12. d4 Qf6 13. dxe5 Nxe5 14. Nxe5 Qxe5
15. Qd4 Rfe8 16. Qxe5 Rxe5 17. Rg3 Rxe4 18. Bd5 Re1+ 19. Kh2 c6 20. Bb3 d5 21.
Bxh6 Rxa1 22. Rxg7+ Kh8 23. Rxf7 Bxf7 24. g4 Re8 25. Kg3 Bg6 26. Kf4 Rg8 27. c4
Rd8 28. h4 dxc4 29. h5 Bxh5 30. gxh5 cxb3 31. axb3 Rc1 32. c4 Rc3 33. Ke5 Rxb3
34. f4 Rc3 35. Ke6 Nf8+ 36. Ke7 Rd7+ 37. Kxf8 Rxc4 38. Ke8 Rh7 39. Bf8 Rxf4 40.
h6 a5 41. Bd6 Re4+ 42. Kf8 Rxh6 43. Ba3 Rf6# 0-1

[Event "43. Olimpiada Batumi 2018 Femenina"]
[Site "Batumi GEO"]
[Date "2018.09.27"]
[Round "4.2"]
[White "Comas Colon, Rinelly M"]
[Black "Aishath, Alya Mohamed"]
[Result "1-0"]
[WhiteElo "1720"]
[BlackElo "1070"]
[PlyCount "101"]
[EventDate "2018.09.24"]
[EventType "team-swiss"]
[EventRounds "11"]
[EventCountry "GEO"]
[SourceTitle "Ajedrez en Madrid"]
[Source "lmi"]
[SourceDate "2018.09.24"]
[WhiteTeam "Puerto Rico"]
[BlackTeam "Maldives"]
[WhiteTeamCountry "PUR"]
[BlackTeamCountry "MDV"]

1. c4 e6 2. g3 d5 3. Bg2 c6 4. cxd5 cxd5 5. d4 Nc6 6. Nf3 Nf6 7. O-O Bd6 8. Nc3
O-O 9. a3 Re8 10. b4 Bd7 11. Nb5 Be7 12. Bf4 Rf8 13. Qd3 a6 14. Nc3 b5 15. e4
dxe4 16. Nxe4 Bc8 17. Nxf6+ Bxf6 18. Rac1 Bb7 19. Rfd1 Ne7 20. Be5 Nd5 21. h4
Bxe5 22. dxe5 h6 23. Nh2 Rb8 24. Ng4 Qd7 25. Ne3 Rfd8 26. Rc5 Nb6 27. Qc2 Qe7
28. Rc7 Rd7 29. Rdxd7 Nxd7 30. Bxb7 Qd8 31. Rc8 Rxc8 32. Qxc8 Qxc8 33. Bxc8
Nxe5 34. Bxa6 Nd7 35. Bxb5 Nb6 36. a4 Kf8 37. a5 Na8 38. Bc6 Nc7 39. b5 Ke7 40.
b6 Na6 41. Bb5 Nc5 42. a6 Kd8 43. a7 Ke7 44. a8=Q Kf6 45. Qd8+ Kg6 46. Bd3+ f5
47. g4 Kf7 48. gxf5 exf5 49. Nxf5 h5 50. Qe7+ Kg6 51. Qxg7# 1-0

[Event "43. Olimpiada Batumi 2018 Femenina"]
[Site "Batumi GEO"]
[Date "2018.09.27"]
[Round "4.3"]
[White "Nihaya, Ahmed"]
[Black "Maldonado Polo, Mariangeli"]
[Result "0-1"]
[WhiteElo "1117"]
[BlackElo "1274"]
[PlyCount "84"]
[EventDate "2018.09.24"]
[EventType "team-swiss"]
[EventRounds "11"]
[EventCountry "GEO"]
[SourceTitle "Ajedrez en Madrid"]
[Source "lmi"]
[SourceDate "2018.09.24"]
[WhiteTeam "Maldives"]
[BlackTeam "Puerto Rico"]
[WhiteTeamCountry "MDV"]
[BlackTeamCountry "PUR"]

1. d4 d5 2. c4 e6 3. Nf3 Nf6 4. Nc3 Be7 5. Qc2 b6 6. Bf4 Bb7 7. Nb5 Bd6 8. Bxd6
cxd6 9. cxd5 Nxd5 10. Qa4 O-O 11. Qa3 Nc6 12. e3 Ncb4 13. Qb3 Rc8 14. Bd3 Nxd3+
15. Qxd3 Nb4 16. Qd1 Nc2+ 17. Ke2 Nxa1 18. Qxa1 Ba6 19. a4 Qd7 20. Ne1 Bxb5+
21. axb5 Qxb5+ 22. Nd3 Rc2+ 23. Kf3 Qxd3 24. Rf1 Qf5+ 25. Kg3 h5 26. h3 g5 27.
Qxa7 h4+ 28. Kh2 Rxf2 29. Rxf2 Qxf2 30. Qb7 Kg7 31. Qf3 Qxf3 32. gxf3 Rc8 33.
b4 Rc2+ 34. Kg1 Rb2 35. Kf1 Rxb4 36. Ke2 Rc4 37. Kd3 Rc8 38. Ke4 b5 39. d5 b4
40. dxe6 fxe6 41. f4 gxf4 42. exf4 b3 0-1

[Event "43. Olimpiada Batumi 2018 Femenina"]
[Site "Batumi GEO"]
[Date "2018.09.27"]
[Round "4.4"]
[White "Bengoa Feliciano, Katsi M"]
[Black "Nuha, Rilwan"]
[Result "1/2-1/2"]
[WhiteElo "1274"]
[BlackElo "1053"]
[PlyCount "85"]
[EventDate "2018.09.24"]
[EventType "team-swiss"]
[EventRounds "11"]
[EventCountry "GEO"]
[SourceTitle "Ajedrez en Madrid"]
[Source "lmi"]
[SourceDate "2018.09.24"]
[WhiteTeam "Puerto Rico"]
[BlackTeam "Maldives"]
[WhiteTeamCountry "PUR"]
[BlackTeamCountry "MDV"]

1. e4 c5 2. Nf3 Nc6 3. Nc3 d6 4. d4 cxd4 5. Nxd4 e5 6. Nf3 Nf6 7. Bb5 Be7 8.
O-O O-O 9. Re1 Be6 10. Bg5 Re8 11. Nd5 a6 12. Bc4 Bxd5 13. Bxd5 Qd7 14. c4 Rac8
15. Bxc6 Qxc6 16. Bxf6 Bxf6 17. Rc1 Red8 18. Qd5 h6 19. Re3 b5 20. Rec3 b4 21.
Qxc6 Rxc6 22. Rb3 a5 23. a3 Rdc8 24. g3 Rxc4 25. Rxc4 Rxc4 26. axb4 axb4 27.
Re3 Bd8 28. Nd2 Rd4 29. Nf3 Rc4 30. Nd2 Rc1+ 31. Nf1 Bb6 32. Rb3 Bc5 33. Rf3
Re1 34. Kg2 Rxe4 35. Nd2 Rd4 36. Nb3 Rc4 37. Rd3 f6 38. Rd2 Kf7 39. f3 g5 40.
h3 f5 41. Kf1 h5 42. Ke2 h4 43. Kd3 1/2-1/2

[Event "43. Olimpiada Batumi 2018 Femenina"]
[Site "Batumi GEO"]
[Date "2018.09.27"]
[Round "4.2"]
[White "Albzoor, Anwar"]
[Black "Cancino, Shiela"]
[Result "1-0"]
[WhiteElo "1595"]
[BlackElo "1456"]
[PlyCount "87"]
[EventDate "2018.09.24"]
[EventType "team-swiss"]
[EventRounds "11"]
[EventCountry "GEO"]
[SourceTitle "Ajedrez en Madrid"]
[Source "lmi"]
[SourceDate "2018.09.24"]
[WhiteTeam "Palestine"]
[BlackTeam "Bermuda"]
[WhiteTeamCountry "PLE"]
[BlackTeamCountry "BER"]

1. Nf3 Nf6 2. c4 e6 3. Nc3 d5 4. cxd5 exd5 5. d4 c6 6. g3 Bd6 7. Bg2 O-O 8. O-O
Bf5 9. Qb3 Qc7 10. Bd2 Nbd7 11. Rac1 Rfe8 12. Rfe1 Nb6 13. Nb5 Qd8 14. Nxd6
Qxd6 15. Ne5 Qe6 16. a4 Ne4 17. Ba5 f6 18. Nd3 Nc4 19. Bb4 b6 20. Nf4 Qd7 21.
f3 g5 22. fxe4 gxf4 23. exf5 Re3 24. Qc2 Qg7 25. b3 Kh8 26. bxc4 Rg8 27. Bd2
fxg3 28. h3 Qe7 29. Bxe3 Qxe3+ 30. Kh1 Rg5 31. Qd3 Qxd3 32. exd3 Rxf5 33. Rf1
Rxf1+ 34. Rxf1 Kg7 35. cxd5 cxd5 36. Bxd5 Kg6 37. Be4+ Kg5 38. Kg2 h5 39. d5 b5
40. axb5 a6 41. b6 a5 42. b7 a4 43. b8=Q a3 44. Qf4# 1-0

[Event "43. Olimpiada Batumi 2018 Femenina"]
[Site "Batumi GEO"]
[Date "2018.09.27"]
[Round "4.1"]
[White "Johnson, Daijah"]
[Black "Mission, Baby Edna"]
[Result "1-0"]
[WhiteElo "1452"]
[BlackElo "1475"]
[PlyCount "73"]
[EventDate "2018.09.24"]
[EventType "team-swiss"]
[EventRounds "11"]
[EventCountry "GEO"]
[SourceTitle "Ajedrez en Madrid"]
[Source "lmi"]
[SourceDate "2018.09.24"]
[WhiteTeam "Bahamas"]
[BlackTeam "Palau"]
[WhiteTeamCountry "BAH"]
[BlackTeamCountry "PAL"]

1. d4 d6 2. c4 e6 3. Nc3 Nd7 4. e4 Ne7 5. Nf3 Ng6 6. Bd3 Be7 7. O-O c6 8. Be3
O-O 9. Qc2 e5 10. Rad1 h6 11. Be2 Nf6 12. dxe5 Ng4 13. exd6 Nxe3 14. fxe3 Bxd6
15. e5 Qb6 16. exd6 Qxe3+ 17. Kh1 Bd7 18. Qd3 Qxd3 19. Bxd3 Rad8 20. Bxg6 fxg6
21. Kg1 Bg4 22. h3 Bxf3 23. Rxf3 Rxf3 24. gxf3 Rd7 25. c5 Kf7 26. Re1 Rd8 27.
Re7+ Kf6 28. Ne4+ Kf5 29. Rxg7 b6 30. b4 b5 31. Kf2 g5 32. Rc7 Ke5 33. Rxc6 Kd5
34. Ra6 Ra8 35. c6 Ke6 36. c7 Rf8 37. Nc5+ 1-0

[Event "43. Olimpiada Batumi 2018 Femenina"]
[Site "Batumi GEO"]
[Date "2018.09.27"]
[Round "4.1"]
[White "Vilhete, Vania Fausto Da T"]
[Black "Tjaronda, Nicola"]
[Result "1-0"]
[WhiteElo "1752"]
[BlackElo "1503"]
[PlyCount "91"]
[EventDate "2018.09.24"]
[EventType "team-swiss"]
[EventRounds "11"]
[EventCountry "GEO"]
[SourceTitle "Ajedrez en Madrid"]
[Source "lmi"]
[SourceDate "2018.09.24"]
[WhiteTeam "Mozambique"]
[BlackTeam "Namibia"]
[WhiteTeamCountry "MOZ"]
[BlackTeamCountry "NAM"]

1. d4 d6 2. c4 e5 3. e3 g6 4. Nc3 Bg7 5. Nf3 Bg4 6. Be2 exd4 7. exd4 Nf6 8. O-O
O-O 9. Bg5 Nbd7 10. Re1 Qc8 11. Qd2 Nb6 12. b3 c6 13. Rad1 Qd7 14. Bh6 Rfe8 15.
Bxg7 Kxg7 16. Qg5 Qf5 17. Qd2 Bxf3 18. Bxf3 Rxe1+ 19. Rxe1 Qd7 20. h3 Re8 21.
Rxe8 Qxe8 22. a4 Nc8 23. b4 Qd7 24. d5 Qe8 25. dxc6 bxc6 26. Qd4 Qe1+ 27. Kh2
Qe5+ 28. Qxe5 dxe5 29. Bxc6 Kf8 30. c5 Ke7 31. Kg3 Kd8 32. Kf3 a5 33. b5 Nd7
34. Bxd7 Kxd7 35. Ke4 f6 36. Nd5 Ke6 37. Nb6 f5+ 38. Kd3 Nxb6 39. cxb6 Kd7 40.
Kc4 Kc8 41. Kd5 e4 42. Ke5 h5 43. h4 Kb7 44. Kf4 Kxb6 45. f3 exf3 46. Kxf3 1-0

[Event "43. Olimpiada Batumi 2018 Femenina"]
[Site "Batumi GEO"]
[Date "2018.09.27"]
[Round "4.2"]
[White "Mentile, Lishen"]
[Black "Efentakis, Katina"]
[Result "1-0"]
[WhiteElo "1502"]
[BlackElo "1451"]
[PlyCount "127"]
[EventDate "2018.09.24"]
[EventType "team-swiss"]
[EventRounds "11"]
[EventCountry "GEO"]
[SourceTitle "Ajedrez en Madrid"]
[Source "lmi"]
[SourceDate "2018.09.24"]
[WhiteTeam "Namibia"]
[BlackTeam "Mozambique"]
[WhiteTeamCountry "NAM"]
[BlackTeamCountry "MOZ"]

1. e4 e5 2. Nf3 d6 3. Bc4 Be7 4. h3 Nf6 5. d3 Nc6 6. c3 Bd7 7. b4 a6 8. Qb3 O-O
9. Ng5 Qe8 10. a4 h6 11. Nf3 Na7 12. Be3 Qc8 13. Nbd2 b5 14. axb5 Nxb5 15. O-O
c6 16. Rfc1 Rb8 17. Qa2 Ra8 18. Bb3 Nc7 19. Nc4 Qb7 20. Nb6 Rab8 21. Qa5 Bd8
22. Nc4 Nfe8 23. Bb6 Rc8 24. Bxc7 Qxc7 25. Qxc7 Rxc7 26. Rxa6 Be6 27. Rca1 f6
28. Ncd2 Bxb3 29. Nxb3 d5 30. Nc5 Kf7 31. exd5 Rg8 32. Ne6 Rd7 33. dxc6 Rxd3
34. Nxd8+ Rxd8 35. Ra7+ Ke6 36. c4 Rc8 37. b5 Kd6 38. R1a4 Kc5 39. Rd7 Nd6 40.
Nd2 Nxb5 41. cxb5 Kxb5 42. Ra2 Kxc6 43. Raa7 Rgd8 44. Rxd8 Rxd8 45. Ne4 Rd7 46.
Ra6+ Kb5 47. Rd6 Ra7 48. g3 Rf7 49. Rd8 Kc6 50. Kg2 Kc7 51. Ra8 Kb7 52. Nd6+
Kxa8 53. Nxf7 Kb8 54. Kf3 Kc7 55. Ke4 Kd7 56. Kf5 Ke7 57. Kg6 Kf8 58. Nd6 Ke7
59. Nf5+ Kf8 60. Nxg7 Ke7 61. Nf5+ Ke6 62. Nxh6 e4 63. Nf5 Ke5 64. h4 1-0

[Event "43. Olimpiada Batumi 2018 Femenina"]
[Site "Batumi GEO"]
[Date "2018.09.27"]
[Round "4.3"]
[White "Jefo, Suzete Vicente"]
[Black "Shipindo, Rauha"]
[Result "0-1"]
[WhiteElo "1379"]
[BlackElo "1518"]
[PlyCount "82"]
[EventDate "2018.09.24"]
[EventType "team-swiss"]
[EventRounds "11"]
[EventCountry "GEO"]
[SourceTitle "Ajedrez en Madrid"]
[Source "lmi"]
[SourceDate "2018.09.24"]
[WhiteTeam "Mozambique"]
[BlackTeam "Namibia"]
[WhiteTeamCountry "MOZ"]
[BlackTeamCountry "NAM"]

1. e4 e5 2. Nf3 Nc6 3. Be2 Nf6 4. d3 d5 5. exd5 Nxd5 6. O-O Bd6 7. Bd2 O-O 8.
Nc3 Be6 9. Qc1 f5 10. Ng5 Qf6 11. Nxe6 Qxe6 12. Re1 Nd4 13. Nxd5 Qxd5 14. Bh5
f4 15. Bd1 Rf6 16. c3 Rg6 17. Re4 Ne6 18. Bc2 Kh8 19. Qf1 Ng5 20. Bb3 Qb5 21.
Rae1 Nf3+ 22. Kh1 Nxd2 23. Qe2 Nxe4 24. Qxe4 Rb8 25. d4 exd4 26. cxd4 Rf8 27.
f3 Qc6 28. Bd5 Qb5 29. b3 Qa5 30. a4 b5 31. Bc6 bxa4 32. Bxa4 Qg5 33. Re2 h5
34. h3 Qf5 35. Qb7 a5 36. Bc6 Qb1+ 37. Kh2 Qf1 38. Qa6 Bb4 39. Qb5 Be1 40.
Qxh5+ Rh6 41. Qe5 Bg3# 0-1

[Event "43. Olimpiada Batumi 2018 Femenina"]
[Site "Batumi GEO"]
[Date "2018.09.27"]
[Round "4.4"]
[White "Valombola, Magdalena"]
[Black "Sitoe, Cheila Andre"]
[Result "0-1"]
[WhiteElo "1364"]
[BlackElo "1545"]
[PlyCount "106"]
[EventDate "2018.09.24"]
[EventType "team-swiss"]
[EventRounds "11"]
[EventCountry "GEO"]
[SourceTitle "Ajedrez en Madrid"]
[Source "lmi"]
[SourceDate "2018.09.24"]
[WhiteTeam "Namibia"]
[BlackTeam "Mozambique"]
[WhiteTeamCountry "NAM"]
[BlackTeamCountry "MOZ"]

1. e4 e5 2. Bc4 d6 3. d3 Be7 4. h3 Nf6 5. Nf3 O-O 6. O-O Nc6 7. c3 h6 8. Re1
Nh7 9. Nbd2 Kh8 10. Nf1 f5 11. exf5 Rxf5 12. Ng3 Rf6 13. d4 e4 14. Nxe4 Rxf3
15. Qxf3 d5 16. Bd3 dxe4 17. Qxe4 Nf6 18. Qg6 Bd7 19. Re3 Qe8 20. Qg3 Qf8 21.
Rf3 Bd6 22. Qh4 Be7 23. Be3 Nd8 24. Re1 Bc6 25. Rf4 Nf7 26. Bg6 Nd5 27. Rxf7
Bxh4 28. Rxf8+ Rxf8 29. g3 Bf6 30. Bc1 Bd8 31. c4 Ne7 32. Bd3 Bd7 33. h4 Nf5
34. d5 Bf6 35. b4 Bc3 36. Re4 Bxb4 37. a3 Bc5 38. Rf4 Bd6 39. Rf3 Nd4 40. Rxf8+
Bxf8 41. Be3 Bc5 42. f4 Kg8 43. Kg2 Kf7 44. h5 Kf6 45. Kf2 b6 46. Kg2 Bf5 47.
Bxf5 Kxf5 48. Kh3 Ke4 49. Bc1 Nb3 50. Bb2 Bd4 51. Bxd4 Nxd4 52. Kh4 Nc2 53. a4
Ne3 0-1

[Event "43. Olimpiada Batumi 2018 Femenina"]
[Site "Batumi GEO"]
[Date "2018.09.27"]
[Round "4.1"]
[White "Girmay, Feven Gebremeskel"]
[Black "Nosimilo, Mkhonto"]
[Result "1-0"]
[WhiteElo "1483"]
[BlackElo "1372"]
[PlyCount "129"]
[EventDate "2018.09.24"]
[EventType "team-swiss"]
[EventRounds "11"]
[EventCountry "GEO"]
[SourceTitle "Ajedrez en Madrid"]
[Source "lmi"]
[SourceDate "2018.09.24"]
[WhiteTeam "Ethiopia"]
[BlackTeam "Swaziland"]
[WhiteTeamCountry "ETH"]
[BlackTeamCountry "SWA"]

1. d4 Nf6 2. c4 e6 3. Bg5 Be7 4. Nf3 O-O 5. e3 b6 6. Be2 Bb7 7. O-O c5 8. Nc3
h6 9. Bh4 cxd4 10. exd4 a6 11. Rc1 Nh7 12. Bxe7 Qxe7 13. Re1 Ng5 14. Nxg5 Qxg5
15. Bf3 Bxf3 16. Qxf3 Nc6 17. Rcd1 Rfe8 18. Ne4 Qe7 19. a3 d5 20. Nc3 Qh4 21.
cxd5 exd5 22. Qxd5 Qf6 23. Ne4 Qg6 24. Nd6 Rxe1+ 25. Rxe1 Rd8 26. Qxc6 Rxd6 27.
Qe8+ Kh7 28. Qe4 Qxe4 29. Rxe4 Re6 30. Rxe6 fxe6 31. f3 Kg6 32. Kf2 Kf6 33. Ke3
Ke7 34. Ke4 Kd6 35. g4 g5 36. b3 a5 37. a4 Ke7 38. Ke5 Kd7 39. Kf6 Kd6 40. Kg6
Kd5 41. Kxh6 Kxd4 42. Kxg5 Kc3 43. h4 Kxb3 44. h5 Kxa4 45. h6 b5 46. h7 b4 47.
h8=Q b3 48. Qb2 Kb4 49. Kf4 a4 50. g5 a3 51. Qd4+ Ka5 52. Qc5+ Ka4 53. Qc4+ Ka5
54. Qxb3 e5+ 55. Kxe5 a2 56. Qxa2+ Kb6 57. Kd6 Kb5 58. Qd5+ Kb4 59. Kc6 Kc3 60.
g6 Kb4 61. g7 Ka3 62. g8=R Kb2 63. Rg2+ Kc1 64. Qa2 Kd1 65. Qd2# 1-0

[Event "43. Olimpiada Batumi 2018 Femenina"]
[Site "Batumi GEO"]
[Date "2018.09.27"]
[Round "4.2"]
[White "Dlamini, Temahlubi Queen"]
[Black "Eshete, Ruth Leykun"]
[Result "1/2-1/2"]
[WhiteElo "1362"]
[BlackElo "1508"]
[PlyCount "95"]
[EventDate "2018.09.24"]
[EventType "team-swiss"]
[EventRounds "11"]
[EventCountry "GEO"]
[SourceTitle "Ajedrez en Madrid"]
[Source "lmi"]
[SourceDate "2018.09.24"]
[WhiteTeam "Swaziland"]
[BlackTeam "Ethiopia"]
[WhiteTeamCountry "SWA"]
[BlackTeamCountry "ETH"]

1. e3 e5 2. d4 exd4 3. exd4 Nf6 4. Bd3 Nc6 5. Be3 d5 6. Nf3 Be7 7. h3 O-O 8. c3
h6 9. Qd2 Bd6 10. Bxh6 gxh6 11. Qxh6 Ne4 12. Nbd2 Qf6 13. Qxf6 Nxf6 14. O-O-O
Re8 15. g3 Ne7 16. Nh4 Nh7 17. f4 Kh8 18. Ndf3 Rg8 19. Ne5 Bxe5 20. fxe5 Rxg3
21. Rdf1 Rxd3 22. Rxf7 Nc6 23. Ng6+ Kg8 24. Rxc7 Rg3 25. Nf4 Rg7 26. Rxg7+ Kxg7
27. Nxd5 Bf5 28. h4 Kh6 29. Rf1 Be4 30. Nf6 Nxf6 31. Rxf6+ Kh5 32. Kd2 Rg8 33.
Ke3 Bd5 34. a3 Rg2 35. e6 Kxh4 36. b4 Rg1 37. Rf7 b6 38. Rh7+ Kg3 39. Rg7+ Kh2
40. Rh7+ Kg2 41. b5 Re1+ 42. Kd2 Rxe6 43. bxc6 a5 44. c7 Rc6 45. Rd7 Bc4 46. d5
Bxd5 47. Rxd5 Rxc7 48. Rd6 1/2-1/2

[Event "43. Olimpiada Batumi 2018 Femenina"]
[Site "Batumi GEO"]
[Date "2018.09.27"]
[Round "4.3"]
[White "Gebratsadik, Merhawit Brhane"]
[Black "Dlamini, Nosipho"]
[Result "0-1"]
[WhiteElo "1408"]
[BlackElo "1239"]
[PlyCount "54"]
[EventDate "2018.09.24"]
[EventType "team-swiss"]
[EventRounds "11"]
[EventCountry "GEO"]
[SourceTitle "Ajedrez en Madrid"]
[Source "lmi"]
[SourceDate "2018.09.24"]
[WhiteTeam "Ethiopia"]
[BlackTeam "Swaziland"]
[WhiteTeamCountry "ETH"]
[BlackTeamCountry "SWA"]

1. d4 d5 2. Nf3 Nf6 3. Nc3 Nc6 4. Bf4 e6 5. Nb5 Bb4+ 6. c3 Ba5 7. e3 a6 8. Na3
O-O 9. Bd3 Bd7 10. O-O b5 11. b4 Bb6 12. Ne5 Nxe5 13. dxe5 Ne4 14. Qh5 f6 15.
f3 Be8 16. Qh4 g5 17. Qh6 gxf4 18. fxe4 Bxe3+ 19. Kh1 Bg6 20. exf6 Rxf6 21. Qg5
Kf7 22. e5 Bxd3 23. exf6 Qxf6 24. Qxf6+ Kxf6 25. Rfd1 Be4 26. Re1 Rg8 27. Re2
Bb6 0-1

[Event "43. Olimpiada Batumi 2018 Femenina"]
[Site "Batumi GEO"]
[Date "2018.09.27"]
[Round "4.4"]
[White "Nokuthula, Mkhonta"]
[Black "Bantiwalu, Aster Melake"]
[Result "0-1"]
[WhiteElo "1053"]
[BlackElo "1365"]
[PlyCount "56"]
[EventDate "2018.09.24"]
[EventType "team-swiss"]
[EventRounds "11"]
[EventCountry "GEO"]
[SourceTitle "Ajedrez en Madrid"]
[Source "lmi"]
[SourceDate "2018.09.24"]
[WhiteTeam "Swaziland"]
[BlackTeam "Ethiopia"]
[WhiteTeamCountry "SWA"]
[BlackTeamCountry "ETH"]

1. e4 e5 2. Nf3 Nc6 3. Nc3 Nf6 4. Bc4 Bc5 5. O-O d6 6. d3 h6 7. h3 O-O 8. Qe2
a6 9. a3 Re8 10. Re1 Be6 11. Be3 Nd4 12. Bxd4 exd4 13. Nd5 Bxd5 14. Bxd5 Nxd5
15. Qd2 Nf6 16. c3 dxc3 17. bxc3 Bb6 18. e5 dxe5 19. Nxe5 c6 20. d4 Bc7 21. Re2
Bxe5 22. Rae1 Bc7 23. g3 Qd7 24. Kg2 Rxe2 25. Rxe2 Re8 26. Qd3 Rxe2 27. Qxe2
Qd5+ 28. Kf1 Qh1# 0-1